[Event "Nueva Gerona 15 May Cup"]
[Site "Nueva Gerona"]
[Date "2009.05.23"]
[Round "17"]
[White "Revilla Alvarez, Alejandro"]
[Black "Ragolta Franco, Eduardo"]
[Result "0-1"]
[WhiteElo "2179"]
[BlackElo "2213"]
[PlyCount "154"]
[EventDate "2009.05.13"]
[EventType "tourn"]
[EventRounds "22"]
[EventCountry "CUB"]
[SourceTitle "EXT 2020"]
[Source "ChessBase"]
[SourceDate "2019.10.17"]
[SourceVersion "1"]
[SourceVersionDate "2019.10.17"]
[SourceQuality "1"]

1. e4 c5 2. Nf3 e6 3. d3 Nc6 4. g3 Nge7 5. Bg2 g6 6. 0-0 Bg7 7. c3 d5 8. Qe2 b6 9. Na3 0-0 10. exd5 Nxd5 11. Nc4 Bb7 12. Bg5 Qd7 13. a4 f6 14. Bh3 Rfe8 15. Bd2 Nc7 16. Bf4 Nd5 17. Bc1 Qc7 18. Re1 e5 19. Bd2 Rad8 20. Rab1 Bc8 21. Bxc8 Qxc8 22. b4 cxb4 23. cxb4 Qd7 24. Qe4 Nde7 25. Rb3 Nf5 26. b5 Ncd4 27. Nxd4 Nxd4 28. Rc3 f5 29. Qg2 e4 30. dxe4 fxe4 31. Bf4 Qg4 32. Kh1 Nf3 33. Rce3 Qe6 34. Qf1 Nxe1 35. Rxe1 Rd4 36. Ne3 Rxa4 37. Rd1 Rd4 38. Rxd4 Bxd4 39. Kg2 Bxe3 40. Bxe3 Rd8 41. Qa1 Rd7 42. Qc3 Kf7 43. Qh8 h5 44. Qh7+ Kf6 45. Qh8+ Kf5 46. h3 Qf7 47. Bd4 Re7 48. Bb2 Ke6 49. Qc8+ Rd7 50. Qc6+ Kf5 51. f3 Rd2+ 52. Kg1 Rxb2 53. Qxe4+ Kf6 54. Qd4+ Ke6 55. Qe3+ Kd5 56. Qd3+ Kc5 57. Qc3+ Kxb5 58. Qxb2+ Kc5 59. Qc2+ Kd6 60. Qd3+ Kc6 61. Qe4+ Kd6 62. Qd3+ Kc7 63. Qc2+ Kd7 64. Qd3+ Ke7 65. Qc3 Qe6 66. Qc7+ Qd7 67. Qe5+ Kf7 68. g4 Qd1+ 69. Kf2 Qc2+ 70. Ke3 Qc5+ 71. Qxc5 bxc5 72. Kd3 a5 73. f4 Ke6 74. Kc3 hxg4 75. hxg4 Kd5 76. Kb3 Ke4 77. f5 gxf5 0-1

[Event "Nueva Gerona 15 May Cup"]
[Site "Nueva Gerona"]
[Date "2009.05.21"]
[Round "13"]
[White "Revilla Alvarez, Alejandro"]
[Black "Jimenez Arias, Erick"]
[Result "1/2-1/2"]
[WhiteElo "2179"]
[BlackElo "2174"]
[PlyCount "67"]
[EventDate "2009.05.13"]
[EventType "tourn"]
[EventRounds "22"]
[EventCountry "CUB"]
[SourceTitle "EXT 2020"]
[Source "ChessBase"]
[SourceDate "2019.10.17"]
[SourceVersion "1"]
[SourceVersionDate "2019.10.17"]
[SourceQuality "1"]

1. c4 e6 2. Nf3 d5 3. d4 a6 4. cxd5 exd5 5. Nc3 c6 6. Qb3 Bd6 7. e4 dxe4 8. Nxe4 Qe7 9. Qe3 Bb4+ 10. Bd2 Be6 11. Bd3 Nd7 12. 0-0 Bxd2 13. Qxd2 Ngf6 14. Neg5 Nf8 15. Rfe1 h6 16. Ne4 Nxe4 17. Rxe4 0-0-0 18. Re3 Qc7 19. Rae1 Nh7 20. Bxh7 Rxh7 21. b4 Rhh8 22. a4 Rd5 23. Re4 Rhd8 24. h3 Qb6 25. Qc3 Kc7 26. a5 Qa7 27. R1e3 g6 28. Re1 g5 29. Qd2 R8d6 30. Qc1 Rb5 31. Qc3 Rbd5 32. Qe3 Rb5 33. Rb1 Qb8 34. Re5 1/2-1/2

[Event "Nueva Gerona 15 May Cup"]
[Site "Nueva Gerona"]
[Date "2009.05.19"]
[Round "10"]
[White "Revilla Alvarez, Alejandro"]
[Black "Gonzalez Espin, Johandry"]
[Result "0-1"]
[WhiteElo "2179"]
[BlackElo "2298"]
[PlyCount "86"]
[EventDate "2009.05.13"]
[EventType "tourn"]
[EventRounds "22"]
[EventCountry "CUB"]
[SourceTitle "EXT 2020"]
[Source "ChessBase"]
[SourceDate "2019.10.17"]
[SourceVersion "1"]
[SourceVersionDate "2019.10.17"]
[SourceQuality "1"]

1. e4 c5 2. Nf3 e6 3. b3 a6 4. Bb2 Nc6 5. c4 Nf6 6. Nc3 Be7 7. Be2 0-0 8. 0-0 d5 9. cxd5 exd5 10. exd5 Nxd5 11. Nxd5 Qxd5 12. Rc1 Nb4 13. a3 Nd3 14. Bxd3 Qxd3 15. Rc3 Qd5 16. Re3 Re8 17. Qa1 f6 18. Rfe1 Qf7 19. d4 Bd7 20. Nd2 cxd4 21. Bxd4 Bf5 22. Ne4 Rac8 23. Bb2 Be6 24. Ng5 fxg5 25. Rxe6 Bf6 26. Rxe8+ Rxe8 27. Rxe8+ Qxe8 28. Bxf6 gxf6 29. h4 Qe6 30. hxg5 fxg5 31. b4 Kf7 32. Qb1 Kg7 33. Qc1 Kg6 34. Qe3 Qxe3 35. fxe3 Kf5 36. Kf2 h5 37. g3 Ke4 38. Ke2 h4 39. g4 b5 40. Kf2 h3 41. Kg3 Kxe3 42. Kxh3 Kf4 43. Kg2 Kxg4 0-1

[Event "Nueva Gerona 15 May Cup"]
[Site "Nueva Gerona"]
[Date "2009.05.18"]
[Round "9"]
[White "Revilla Alvarez, Alejandro"]
[Black "Bezanilla Sanchez, Alexis"]
[Result "0-1"]
[WhiteElo "2179"]
[BlackElo "2279"]
[PlyCount "94"]
[EventDate "2009.05.13"]
[EventType "tourn"]
[EventRounds "22"]
[EventCountry "CUB"]
[SourceTitle "EXT 2020"]
[Source "ChessBase"]
[SourceDate "2019.10.17"]
[SourceVersion "1"]
[SourceVersionDate "2019.10.17"]
[SourceQuality "1"]

1. e4 e5 2. d4 exd4 3. Nf3 Nc6 4. Nxd4 Bc5 5. Nxc6 Qf6 6. Qd2 dxc6 7. Nc3 Ne7 8. Na4 Bd6 9. f4 Ng6 10. g3 0-0 11. Qe3 Rd8 12. e5 Nxe5 13. fxe5 Bxe5 14. Be2 Bh3 15. Qg5 Qe6 16. Be3 h6 17. Qh5 Bxb2 18. Nxb2 Qxe3 19. Nc4 Qc3+ 20. Kf2 Qd4+ 21. Ne3 Re8 22. Qf3 Re6 23. Rad1 Qc5 24. Bf1 Rae8 25. Rd3 Bxf1 26. Rxf1 Rf6 27. Qxf6 gxf6 28. Rfd1 Kg7 29. R1d2 Re4 30. Kf3 Ra4 31. c4 Qa5 32. g4 Rxa2 33. Rxa2 Qxa2 34. h4 Kg6 35. Rd7 Qh2 36. h5+ Kg5 37. Rxf7 Qf4+ 38. Ke2 Qg3 39. Rd7 a5 40. Rd1 Qh2+ 41. Kd3 a4 42. Rd2 Qd6+ 43. Ke2 Qb4 44. Rd4 Qb2+ 45. Kd3 a3 46. Rd7 a2 47. Nc2 Kxg4 0-1

[Event "Nueva Gerona 15 May Cup"]
[Site "Nueva Gerona"]
[Date "2009.05.14"]
[Round "3"]
[White "Revilla Alvarez, Alejandro"]
[Black "Montero Medina, Melkys"]
[Result "1-0"]
[WhiteElo "2179"]
[BlackElo "2133"]
[PlyCount "91"]
[EventDate "2009.05.13"]
[EventType "tourn"]
[EventRounds "22"]
[EventCountry "CUB"]
[SourceTitle "EXT 2020"]
[Source "ChessBase"]
[SourceDate "2019.10.17"]
[SourceVersion "1"]
[SourceVersionDate "2019.10.17"]
[SourceQuality "1"]

1. Nf3 d5 2. g3 Nf6 3. Bg2 e6 4. c4 Nc6 5. d4 dxc4 6. 0-0 a6 7. e3 Nd5 8. Bd2 h6 9. Qe2 b5 10. b3 cxb3 11. axb3 Be7 12. Nc3 Bb7 13. Nxb5 Bb4 14. Na3 0-0 15. Rfc1 Rb8 16. Nc4 Qe7 17. Bxb4 Ndxb4 18. Na5 Nxa5 19. Rxa5 Qd6 20. Ne5 Bxg2 21. Kxg2 Qb6 22. Rac5 Qb7+ 23. e4 Rfc8 24. f3 c6 25. Qc4 Rc7 26. h4 Qb6 27. g4 Rd8 28. g5 Rd6 29. gxh6 gxh6 30. Rg1 Kf8 31. Qc1 Rxd4 32. Qxh6+ Ke7 33. Qg5+ f6 34. Qg7+ Kd6 35. Qf8+ Re7 36. Nc4+ Rxc4 37. Rd1+ Kxc5 38. Qxe7+ Kb5 39. bxc4+ Kxc4 40. Qxf6 c5 41. h5 Nc2 42. Rc1 Kd3 43. h6 Qb7 44. Qg7 Qb4 45. Rxc2 Kxc2 46. h7 1-0